Entaro's Top Killing Pokemon Quiz Stats

 Plays Quiz not verified by Sporcle

Also try: 6-Letter Blitz
Challenge
Share
Tweet
Embed
Score 0/10 Timer 05:00
0 Plays Today
Position Answer % Correct
#1Charizard
71.4%
#7Mewtwo
71.4%
#3Kyogre
35.7%
#8Lugia
35.7%
#5Darkrai
28.6%
#6Heatran
14.3%
#2Infernape
7.1%
#4Chandelier
7.1%
#9Arcanine
7.1%
#10Clefable
7.1%

You're not logged in!

Compare scores with friends on all Sporcle quizzes.
Join for Free
OR
Log In

You Might Also Like...

Show Comments

Extras

Top Quizzes Today


Score Distribution

Your Account Isn't Verified!

In order to create a playlist on Sporcle, you need to verify the email address you used during registration. Go to your Sporcle Settings to finish the process.

Report this User

Report this user for behavior that violates our Community Guidelines.

Details: